Jugadores Serbia #1 - Estadísticas

Estadísticas generales
  • Esta prueba ha sido intentada 11 veces
  • La puntuación promedio es 15 de 20
Estadísticas de respuestas
Imagen Respuesta % Correcto
Milinkovic-Savic
100%
Milinkovic-Savic
100%
Vlahovic
100%
Dmitrovic
88%
Gudelj
88%
Jovic
88%
Matic
88%
Mitrovic
88%
Tadic
88%
Kostic
75%
Maksimovic
75%
Rajkovic
75%
Svilar
75%
Brasanac
63%
Ilic
63%
Milenkovic
63%
Pavlovic
63%
Sedlar
63%
Petrovic
50%
Zivkovic
38%
No se encontraron pruebas coincidentes
Distribución de puntuación
Porcentaje de gente con cada puntuación
Porcentaje por número respondido
Historial de tus puntuaciones
No has intentado esta prueba.